[Event "Washington Class"]
[Site "?"]
[Date "1994.11.25"]
[Round "1"]
[White "Johnson, G."]
[Black "Bailey, B."]
[Result "0-1"]
[WhiteElo "100"]
[BlackElo "1852"]
[Annotator "Stockfish 14 (15s)"]
[PlyCount "70"]

{D03: 1 d4 d5 2 Nf3 Nf6 3 Bg5, including Torre Attack with early ...d5} 1. d4
d5 2. Nf3 Nf6 3. Bg5 Nbd7 4. e3 e6 5. Nbd2 c5 6. c3 Be7 7. Bd3 O-O 8. O-O Re8
9. Ne5 Nf8 (9... Nxe5 10. dxe5 Nd7 11. Bf4 (11. Bxe7 Qxe7 12. f4 f5 13. g4 c4
14. Bc2 Nc5 15. gxf5 exf5 16. Nf3 Be6 17. Qe2 a6 18. Rad1 Kh8 19. Ng5 Rad8 20.
Rd4 Rd7 21. Rfd1 Red8 22. Qg2 b5 23. Nf3 a5 24. Qg5 Qxg5+ 25. Nxg5 g6 {
Kocur,M (1960)-Van den Heuvel,T (1950) Berkshire 2006 1/2-1/2 (50)}) 11... Rb8
12. Qg4 Qc7 13. Nf3 b5 14. e4 dxe4 15. Bxe4 Bb7 16. Bc2 Nf8 17. Rfe1 Ng6 18.
Bg3 Rbd8 19. h4 Bxf3 20. gxf3 Rd2 21. Rac1 Qb6 22. h5 Nf8 23. Bf4 Rd7 24. Be3 {
Weill,R (2225)-Ducic,B (2150) France 1989 0-1 (38)}) 10. f4 N6d7 11. Bxe7 Qxe7
12. Rf3 $146 (12. Qh5 f6 13. Nxd7 Bxd7 14. Nf3 Rec8 15. Rae1 c4 16. Bb1 Be8 17.
Qh3 f5 18. g4 g6 19. Qg2 a5 20. h4 b5 21. h5 Kh8 22. hxg6 fxg4 23. Qxg4 Bxg6
24. Kf2 Bxb1 25. Rxb1 Qg7 26. Qh5 Qg6 {
Fritsch,J (1850)-Jakoby,H (1785) Bad Zwischenahn 2003 1-0 (51)}) (12. a3 f6 13.
Nef3 Rb8 $16) 12... f6 $14 13. Ng4 e5 (13... b5 $11) 14. Bf5 (14. Rg3 $142 $5
Kh8 15. dxe5 fxe5 16. Bc2 $16) 14... cxd4 (14... e4 $142 15. Rh3 Kh8 $15) 15.
Qb3 $4 (15. exd4 $142 exf4 16. Rxf4 $11) 15... dxc3 $19 16. Qxd5+ $2 (16. Qxc3
e4 17. Rg3 $19) 16... Qf7 (16... Kh8 $142 17. bxc3 Rd8 $19) 17. Bxh7+ $4 (17.
Qxf7+ $142 Kxf7 18. Ne4 cxb2 19. Rb1 $17) 17... Nxh7 $19 18. Qxf7+ Kxf7 19. Ne4
cxb2 20. Rb1 Kg8 21. Nd6 Re6 22. Nxc8 Rxc8 23. Rf2 (23. Rxb2 b6 24. Rd2 $19)
23... Rc1+ 24. Rf1 Rxb1 25. Rxb1 Rb6 26. Nf2 Nc5 27. Nd1 Nd3 28. Kf1 (28. fxe5
fxe5 29. Kf1 e4 $19) 28... e4 29. Ke2 f5 30. h4 Rc6 31. Nxb2 Rc2+ 32. Kd1 Rxb2
33. Rxb2 Nxb2+ 34. Kc2 Nd3 35. Kc3 b5 (35... b5 36. Kb3 Nf6 $19) 0-1

[Event "Washington Class"]
[Site "?"]
[Date "1994.11.25"]
[Round "2"]
[White "Bailey, B."]
[Black "Hatcher, W."]
[Result "1/2-1/2"]
[WhiteElo "1852"]
[BlackElo "1905"]
[Annotator "Stockfish 14 (15s)"]
[PlyCount "57"]

{C11: French: Classical System: 4 e5 and 4 Bg5 dxe4} 1. e4 e6 2. d4 d5 3. Nc3
Nf6 4. e5 Ne4 5. Nxe4 dxe4 6. f3 (6. c3 c5 7. Ne2 Nc6 8. a3 Bd7 9. Be3 Be7 10.
b4 cxd4 11. cxd4 a5 12. b5 Na7 13. Nc3 Rc8 14. Qb3 Rxc3 15. Qxc3 Nxb5 16. Qb2
Nxa3 17. Rxa3 Bb4+ 18. Bd2 Bxa3 19. Qxa3 b6 20. Be2 Bc6 {
Rudolf,H (2230)-Bornemann,W (2265) Germany 1995 1-0 (37)}) 6... c5 (6... exf3
7. Nxf3 Nc6 8. Bb5 Bd7 9. Bxc6 Bxc6 10. c3 Be7 11. Qd3 Qd7 12. Bd2 O-O-O 13.
O-O-O f6 14. b3 Bxf3 15. Qxf3 Qd5 16. Qxd5 Rxd5 17. exf6 Bxf6 18. Bf4 g5 19.
Be5 Bxe5 20. dxe5 Rxe5 21. Rhe1 {Chernyshova,N-Zhivetjeva,V Russia 2004 1-0})
7. Be3 $146 (7. c3 cxd4 8. Qxd4 Qxd4 9. cxd4 Bb4+ (9... Nc6 10. Be3 Nb4 11. Kd2
exf3 12. Nxf3 Nd5 13. a3 Bd7 14. Rc1 Be7 15. Bg5 h6 16. Bxe7 Nxe7 17. Bd3 Bc6
18. Rhf1 O-O 19. g4 Rac8 20. h4 Bxf3 21. Rxf3 Rxc1 22. Kxc1 Rd8 23. Rf4 Nc6 24.
Kd2 {Fernandez Egea,A-Zimmermann,H Frankfurt 2001 1/2-1/2 (44)}) (9... exf3 10.
Nxf3 Bd7 11. Be2 Bb4+ 12. Bd2 Bxd2+ 13. Nxd2 Nc6 14. Nf3 Rc8 15. O-O Nb4 16. a3
Nd5 17. Rac1 O-O 18. Bc4 Ne3 {0-1 (18) Scholze,M-Claussen,U (2185) Calella 1994
}) 10. Bd2 Bxd2+ 11. Kxd2 Nc6 12. Bb5 Bd7 13. Bxc6 Bxc6 14. Ke3 exf3 15. gxf3
g5 16. h3 Ke7 17. Ne2 Rac8 18. Rac1 Bb5 19. Ng3 Bc6 20. Nh5 Bd5 21. b3 b6 {
Szumilo,W (2150)-Skaruz,J (2120) Ustrzyki Dolne 1996 1-0 (52)}) (7. dxc5 Qc7 8.
fxe4 Bd7 $11) 7... cxd4 (7... Qb6 $5 8. fxe4 Qxb2 $15) 8. Qxd4 $11 Qxd4 9. Bxd4
Nc6 10. Bb5 (10. Bf2 Nxe5 11. fxe4 Bd7 $11) 10... Bd7 11. Bc3 (11. Bxc6 Bxc6
12. f4 Be7 $11) 11... Nxe5 (11... exf3 $142 $5 12. Nxf3 Nxe5 $17) 12. Bxd7+ $15
Nxd7 13. fxe4 Nc5 14. e5 Rd8 15. Rd1 Rxd1+ 16. Kxd1 Ne4 17. Bd4 Bc5 18. Bxc5
Nxc5 19. Nf3 Ke7 20. c3 Rd8+ 21. Kc2 f6 22. Re1 f5 23. Rd1 Rxd1 24. Kxd1 Ne4 (
24... Nd7 25. h4 $11) 25. Ke2 $11 g5 26. Ke3 g4 27. Nd4 h6 (27... Ng5 28. Kf4
Ne4 29. Ke3 $11) 28. c4 (28. Ne2 $5 $16) 28... Kd7 (28... Ng5 29. Kf4 $11) 29.
b4 1/2-1/2

[Event "Washington Class"]
[Site "?"]
[Date "1994.11.26"]
[Round "3"]
[White "Bailey, B."]
[Black "Edwards, G."]
[Result "0-1"]
[WhiteElo "1852"]
[BlackElo "1964"]
[Annotator "Stockfish 14 (15s)"]
[PlyCount "82"]

{B80: Sicilian Scheveningen: 6 g3 and 6 Be3, including English Attack} 1. e4 c5
2. Nf3 e6 3. d4 cxd4 4. Nxd4 a6 5. Nc3 Qc7 6. g3 Nf6 7. Bg2 d6 8. O-O Be7 9.
Be3 O-O 10. Qe2 Bd7 11. Rad1 Nc6 12. Nxc6 (12. g4 Nxd4 13. Bxd4 e5 14. g5 exd4
15. gxf6 dxc3 16. fxe7 Rfe8 17. Rfe1 cxb2 18. c4 Rxe7 19. Qxb2 Bc6 20. Re3 Rae8
21. Qd4 Re6 22. Rg3 g6 23. f3 Qa5 24. Bh3 R6e7 25. Rg2 Bxe4 26. fxe4 Rxe4 {
Ulfarsson,M (2290)-Hjartarson,J (2570) Gardabaer 1996 0-1}) 12... Bxc6 13. Bf4
$146 (13. f4 b5 14. a3 Qb7 15. Bd4 Rad8 16. Rfe1 a5 17. e5 dxe5 18. Bxc6 Qxc6
19. fxe5 Rxd4 20. Rxd4 Bc5 21. Nxb5 Rb8 22. exf6 Qxb5 23. Qg4 g6 24. Kg2 h5 25.
Qe4 Bxd4 26. Qxd4 Qxb2 27. Qxb2 Rxb2 {
Kennaugh,C (2255)-Cooper,J (2333) Birmingham 2002 1/2-1/2 (44)}) (13. Bd4 Rac8
14. Rfe1 b6 15. a3 Nd7 16. Nd5 Bxd5 17. exd5 e5 18. Bh3 f5 19. Bc3 g6 20. f4
Bf6 21. g4 exf4 22. Bxf6 Nxf6 23. gxf5 g5 24. c3 h5 25. Qf2 g4 26. Bf1 Qc5 27.
Re6 Qxf2+ {Beni,A-Johansson,I Helsinki 1952 1-0 (41)}) (13. Rfe1 b5 14. Bf4
Rfe8 15. a3 Rad8 16. e5 dxe5 17. Qxe5 {
1/2-1/2 (17) Rodriguez Vargas,O (2420)-Juarez,C (2340) Sao Paulo 1972}) 13...
e5 (13... h6 14. a4 $11) 14. Be3 (14. Bg5 Ne8 15. Bxe7 Qxe7 $14) 14... b5 15.
a3 (15. Bg5 b4 16. Bxf6 bxc3 17. Bxe7 Qxe7 18. bxc3 Rfc8 $11) 15... Rab8 (15...
h6 16. Rd3 $15) 16. Nd5 (16. Bg5 $142 $5 $14) 16... Nxd5 $15 17. exd5 Bd7 18.
Qd2 f5 19. f4 e4 20. Rc1 Bf6 21. Bd4 Qc4 {Black prepares b4} 22. Bxf6 Rxf6 23.
Rfe1 Qc5+ 24. Kh1 b4 25. axb4 (25. c3 $5 bxc3 26. Rxc3 $15) 25... Rxb4 26. c3
Rb3 27. Ra1 (27. Qc2 Qxd5 28. Bf1 Rb6 $17) 27... a5 $19 28. Bf1 $2 (28. g4 $142
g6 29. h4 $19) 28... Rf8 29. Be2 (29. Ra2 Rfb8 30. Rc1 $19) 29... Rfb8 30. Reb1
(30. Ra2 a4 31. Kg2 Qb6 $19) 30... e3 31. Qd1 (31. Qd4 Qxd4 32. cxd4 a4 $19)
31... Rxb2 32. Rxb2 (32. Kg1 a4 33. Rxb2 Rxb2 $19) 32... Rxb2 33. c4 (33. Qd3
a4 $19) 33... a4 34. Rxa4 (34. Kg1 a3 35. Qd3 $19) 34... Bxa4 35. Qxa4 Rb8 (
35... Qc8 36. Qd1 Qe8 37. c5 Qe4+ 38. Bf3 Rb1 39. Bxe4 Rxd1+ 40. Kg2 e2 41. Bf3
e1=Q 42. Bxd1 Qd2+ 43. Be2 Qxe2+ 44. Kg1 dxc5 45. g4 Kf7 46. d6 fxg4 47. d7 Ke7
48. d8=Q+ Kxd8 49. f5 Kd7 50. f6 gxf6 51. h3 gxh3 52. Kh1 Qg2#) 36. Qd7 Qb4 37.
Qe6+ Kh8 38. Qxe3 Qb6 39. Qf3 (39. Qxb6 Rxb6 40. Kg2 Rb3 $19) 39... Qd4 40. Kg2
Rb2 41. Kh3 (41. Kf1 Rb1+ 42. Kg2 Rg1+ 43. Kh3 $19) 41... Qd2 (41... Qd2 42. c5
Qxe2 43. Qxe2 Rxe2 $19) 0-1

[Event "Washington Class"]
[Site "?"]
[Date "1994.11.26"]
[Round "4"]
[White "Iodice, A."]
[Black "Bailey, B."]
[Result "0-1"]
[WhiteElo "1800"]
[BlackElo "1852"]
[Annotator "Stockfish 14 (15s)"]
[PlyCount "104"]

{C95: Closed Ruy Lopez: Breyer Variation with 10 d4} 1. e4 e5 2. Nf3 Nc6 3. Bb5
a6 4. Ba4 Nf6 5. O-O Be7 6. Re1 b5 7. Bb3 O-O 8. c3 d6 9. h3 Nb8 10. d4 Nbd7
11. Bg5 Bb7 12. Bc2 c5 13. Nbd2 Qc7 $146 (13... Re8 14. Nf1 h6 15. Bh4 Rc8 16.
Ne3 cxd4 17. cxd4 Qb6 18. d5 Nf8 19. Nf5 Bd8 20. g4 N6h7 21. Bg3 Ng5 22. Kg2
Nxf3 23. Kxf3 g6 24. Nxh6+ Kg7 25. Nf5+ gxf5 26. gxf5 Nh7 27. Rg1 Kh8 28. Kg2 {
Shabalov,A (2425)-Neverov,V (2430) Tbilisi 1989 0-1 (53)}) (13... cxd4 14. cxd4
h6 15. Be3 exd4 16. Nxd4 $11) 14. Nf1 Rac8 15. Rc1 (15. d5 c4 $16) 15... h6 16.
Bxf6 (16. Bd2 $5 $14) 16... Bxf6 $11 17. dxc5 dxc5 (17... Nxc5 18. b4 Ne6 19.
Bb3 $11) 18. Ne3 (18. c4 $5 $11) 18... c4 $15 19. Nf5 Rcd8 20. Qe2 (20. Qd6 $5
Qxd6 21. Nxd6 $17) 20... Nc5 $17 21. Red1 (21. Rcd1 $142 h5 22. Ne3 $17) 21...
Rxd1+ (21... h5 $142 $19) 22. Rxd1 $11 Rd8 23. Ng3 $2 (23. Rxd8+ $5 Bxd8 24. b3
$11) 23... g6 (23... Rxd1+ 24. Qxd1 g6 25. a4 $17) 24. Nh2 (24. Rxd8+ Qxd8 25.
Qe3 Ne6 $17) 24... Ne6 (24... Rxd1+ $142 $5 25. Qxd1 h5 $19) 25. Ng4 $17 Bg7
26. Qf3 $2 (26. Ne3 $142 $5 $17) 26... f5 $1 $19 27. Nh2 (27. exf5 Bxf3 {
Deflection Pinning}) 27... Ng5 (27... h5 28. h4 Bf6 29. Rxd8+ Qxd8 30. Qe2 $19)
28. Qe2 $2 (28. Rxd8+ $142 Qxd8 29. Qe2 $17) 28... Rxd1+ $19 29. Qxd1 f4 30.
Ngf1 Nxe4 31. Qe2 (31. Nf3 Qc5 32. Qe2 Qc6 $19) 31... Qc6 32. Nf3 (32. Qg4 $19)
32... Ng5 (32... Nc5 $142 33. N1d2 e4 $19) 33. N1d2 $17 Nxf3+ 34. Qxf3 Qxf3 35.
gxf3 (35. Nxf3 $5 Kf7 36. a4 $17) 35... Kf7 $19 36. Kg2 Bf8 37. b4 $4 (37. a4
$142 $19) 37... cxb3 38. axb3 (38. Bxb3+ Kf6 $19) 38... g5 (38... a5 $142 39.
Bd3 Bc6 $19) 39. Be4 (39. b4 Bc8 40. Be4 $19) 39... Bxe4 40. Nxe4 (40. fxe4 a5
$19) 40... a5 41. Kf1 (41. c4 bxc4 42. bxc4 a4 $19) 41... a4 42. bxa4 bxa4 43.
Ke2 a3 44. Nd2 a2 45. Nb3 Ba3 46. Kd3 Bb2 47. c4 a1=Q 48. Nxa1 Bxa1 49. c5 Bd4
50. Kc4 Ke6 51. Kb5 Kd7 52. Kb6 h5 0-1

[Event "Washington Class"]
[Site "?"]
[Date "1994.11.27"]
[Round "5"]
[White "Bailey, B."]
[Black "Boissiere, E."]
[Result "1/2-1/2"]
[WhiteElo "1852"]
[BlackElo "1757"]
[Annotator "Stockfish 14 (15s)"]
[PlyCount "73"]

{C66: Ruy Lopez: Steinitz Defence} 1. e4 e5 2. Nf3 Nc6 3. Bb5 Nf6 4. O-O Be7 5.
Re1 d6 6. c3 Bd7 7. d4 O-O 8. Nbd2 exd4 9. cxd4 Bg4 (9... a6 10. Bd3 Bg4 11. h3
Bh5 12. Qb3 Rb8 13. Qc3 d5 14. e5 Bb4 15. Qc2 Ne4 16. Bxe4 dxe4 17. Qxe4 Bxf3
18. Qxf3 Nxd4 19. Qe4 Nc6 20. Re2 Re8 21. Nf3 Qd1+ 22. Kh2 Nxe5 23. Nxe5 Rxe5
24. Qxe5 {Dergatchov,A (2083)-Saveljev,V (2295) St Petersburg 2002 1/2-1/2 (67)
}) 10. Qc2 $146 (10. Qa4 Bd7 11. d5 Ne5 12. Nxe5 dxe5 13. Nc4 a6 14. Bxd7 Nxd7
15. Qb3 Rb8 16. Qg3 Bf6 17. Bd2 Re8 18. Rac1 Nc5 19. Rc2 b6 20. b4 Nb7 21. Rec1
b5 22. Na5 Nxa5 23. bxa5 Rb7 24. Rc6 Qa8 {
Sanchez Corujo,J (2263)-Roig Esteve,R (2086) Mislata 2004 1-0}) (10. h3 Bh5 11.
Bxc6 bxc6 12. Nf1 h6 13. g4 Bg6 14. Ng3 Nd7 15. Be3 d5 16. e5 Nb6 17. b3 Qe8
18. Nf5 Ba3 19. N3h4 Kh7 20. Bxh6 gxh6 21. Qd2 Bxf5 22. Nxf5 Qe6 23. Re3 Rg8
24. Rf3 Rg6 {Thomaschke,D (2100)-Linke,H Pinneberg 2000 0-1 (99)}) (10. Bxc6
bxc6 11. Qc2 Qd7 12. b3 Rab8 13. Bb2 Rb6 14. Nc4 Bxf3 15. gxf3 Rb4 16. e5 Nh5
17. Ne3 f6 18. a4 Rbb8 19. e6 Qe8 20. d5 Nf4 21. dxc6 Qh5 22. Qe4 Qg5+ 23. Kh1
Rxb3 24. Rg1 Nh3 {
Ciobanu,C (2230)-Gutierrez Castillo,P (2098) Chalkidiki 2003 0-1 (47)}) 10...
Nb4 11. Qc3 (11. Qb3 d5 12. e5 Ne4 13. Nxe4 dxe4 14. Rxe4 Bf5 $16) 11... d5 (
11... Bxf3 $5 12. Nxf3 d5 13. exd5 Nbxd5 $14) 12. e5 $16 Ne4 13. Qb3 $4 (13.
Nxe4 $142 dxe4 14. Rxe4 $16) 13... Bf5 14. Nf1 c5 (14... a6 15. Be2 c5 16. dxc5
$17) 15. dxc5 Bxc5 (15... a6 16. Ne3 Be6 (16... Bxc5 $143 17. Nxf5 Bxf2+ 18.
Kh1 Bxe1 19. Be2 $11 (19. Nxe1 $4 Qb6 (19... axb5 20. Qxb4 f6 21. e6 $14) 20.
h3 Qxb5 $19 (20... axb5 $143 21. Qxb4 Qe6 22. Nd4 Qxe5 23. Nef3 $16))) 17. Qxb4
Bxc5 $15 (17... axb5 $6 18. Qxb5 Bxc5 19. b4 $11)) 16. Be3 $11 Qb6 17. a3 (17.
Bxc5 Qxc5 18. Ne3 Be6 $11) 17... Qxb5 (17... Nc6 $5 18. Qa4 Bxe3 19. Nxe3 Nc5
$15) 18. axb4 $11 Qxb4 (18... Bxb4 19. Rec1 Bg6 20. Nd4 $16) 19. Qxb4 (19. Nd4
$1 Qxb3 20. Nxb3 $11) 19... Bxb4 $15 20. Red1 (20. Rec1 a5 21. Rc7 h6 $15)
20... Rfd8 (20... Nc5 $5 $17) 21. Rxa7 $11 Rxa7 22. Bxa7 Bc5 23. Bxc5 Nxc5 24.
Nd4 Bg6 25. Ne3 Nd3 26. b3 Nxe5 27. f4 Bh5 28. fxe5 Bxd1 29. Nxd1 Re8 30. Nf3
f6 (30... Rc8 $5 31. Kf1 Rc2 $11) 31. exf6 $14 gxf6 32. Kf2 Kf7 33. Ne3 Ke6 34.
Ke2 Kd6 35. Kd3 Kc5 36. Nf5 Kb4 37. N3d4 1/2-1/2

[Event "Washington Class"]
[Site "?"]
[Date "1994.11.27"]
[Round "6"]
[White "Vaughn, M."]
[Black "Bailey, B."]
[Result "0-1"]
[WhiteElo "1892"]
[BlackElo "1852"]
[Annotator "Stockfish 14 (15s)"]
[PlyCount "62"]

{D02: 1 d4 d5 2 Nf3 sidelines, including 2...Nf6 3 g3 and 2...Nf6 3 Bf4} 1. d4
d5 2. Nf3 Nf6 3. Bf4 Bf5 4. e3 e6 5. c4 Bd6 6. Ne5 (6. Bg3 c6 7. Nc3 Bxg3 8.
hxg3 Ng4 9. Nh4 Qc7 10. Nxf5 exf5 11. cxd5 Nxe3 12. Qe2 O-O 13. fxe3 Nd7 14.
Qf3 cxd5 15. Nxd5 Qa5+ 16. b4 Qd8 17. Qxf5 {
1-0 (17) Schlindwein,R (2425)-Hettel,H Untergrombach 1995}) (6. Nc3 Bxf4 7.
exf4 O-O 8. cxd5 exd5 9. Be2 Nc6 10. O-O Ne4 11. Ne5 Nxc3 12. bxc3 Qd6 13. Bf3
Be4 14. Re1 Bxf3 15. Qxf3 Nxe5 16. fxe5 Qe6 17. Rab1 b6 18. h3 Rfe8 19. Re3 Qg6
20. Rbe1 c6 {Tittarelli,E-Bernik,A Herceg Novi 2006 1/2-1/2}) 6... Bxe5 $146 (
6... Bxb1 7. Rxb1 Bb4+ 8. Ke2 O-O 9. c5 c6 10. Qb3 Na6 11. a3 Nh5 12. axb4 f6
13. Nf3 g5 14. Bd6 g4 15. Ne1 e5 16. Bxf8 Kxf8 17. Nc2 Nc7 18. Kd2 Qd7 19. Be2
f5 20. f3 Re8 21. fxg4 {Lambert,A-Wiesemann,A Wiesbaden 1988 1-0 (33)}) (6...
dxc4 7. Bxc4 O-O 8. Nc3 Nbd7 9. h3 Nb6 10. Bb3 Ne4 11. O-O Nxc3 12. bxc3 Nd5
13. c4 Nxf4 14. exf4 Bb4 15. g4 Be4 16. Qe2 Bg6 17. Rad1 Qh4 18. Qe3 Rad8 19.
d5 exd5 20. f5 d4 21. Qg3 {Mehbalieva,N (2022)-Babaeva,J Baku 2004 1-0 (50)}) (
6... O-O $142 $5 7. Nd2 c5 8. dxc5 Bxe5 9. Bxe5 Nc6 $11) 7. dxe5 $16 Ne4 (7...
Nfd7 $142 8. Nc3 c6 $16) 8. Qb3 $4 (8. h4 $142 $5 h6 9. cxd5 Qxd5 10. Qxd5 exd5
11. b4 $16) 8... b6 (8... g5 $142 $5 9. Bg3 d4 $17) 9. Na3 (9. f3 Nc5 10. Qc3
O-O $14) 9... O-O 10. cxd5 Qxd5 (10... exd5 $142 $5 11. f3 Nc5 $11) 11. Qxd5
$16 exd5 12. Nb5 Na6 (12... Rc8 $142 $5 $14) 13. Nd4 $16 Bc8 14. Nc6 (14. f3
$142 $5 Nec5 15. Rd1 $16) 14... Re8 15. Bb5 (15. Rc1 g5 16. f3 gxf4 17. fxe4
fxe3 18. exd5 Nb8 $16) 15... Bd7 $11 16. Rd1 (16. f3 Nec5 17. Rd1 Nb4 18. Nxb4
Bxb5 19. Nxd5 Rac8 $11) 16... Nb4 (16... Nac5 17. Nd4 (17. Rxd5 $143 g5 18.
Rxd7 Nxd7 $17) 17... g5 18. Bxd7 Nxd7 19. e6 fxe6 20. Bxc7 $11) 17. Nxb4 $14
Bxb5 18. Nxd5 Rac8 19. h4 (19. f3 Nc5 20. Kf2 Nd3+ 21. Kg3 Nxb2 $11) 19... c6 (
19... Nc5 $142 20. Nc3 Ba6 $17) 20. Nb4 $4 (20. Nc3 $142 Nxc3 21. bxc3 $14)
20... Red8 (20... Nc5 21. h5 a5 22. Nc2 $19) 21. Rxd8+ $2 (21. Rd6 $142 $17)
21... Rxd8 $19 22. f3 (22. a4 Bxa4 23. O-O a5 $19) 22... Nc5 (22... Rd2 $142
23. fxe4 Rxb2 $19) 23. e4 $4 (23. e6 Nxe6 24. Bh2 $19) 23... a5 24. Bg5 Rd7 25.
Nc2 (25. Nxc6 Nd3+ 26. Kd2 Bxc6 $19) 25... Nd3+ 26. Kf1 Nb4+ 27. Kf2 Nxc2 28.
a3 h6 29. Bf4 c5 30. Rc1 Nd4 (30... Ba4 $5 31. h5 $19) 31. g4 (31. Rd1 $19)
31... Ne2 (31... Ne2 32. e6 fxe6 $19 (32... Nxf4 $6 33. exd7 Bxd7 34. Rd1 $17))
0-1

[Event "Washington Open"]
[Site "?"]
[Date "1995.05.27"]
[Round "1"]
[White "Reynolds, G."]
[Black "Bailey, B."]
[Result "1-0"]
[WhiteElo "1639"]
[BlackElo "1875"]
[Annotator "Stockfish 12 (15s)"]
[PlyCount "84"]

{C78: Ruy Lopez: Archangelsk and Möller Defences} 1. e4 e5 2. Nf3 Nc6 3. Bb5 a6
4. Ba4 Nf6 5. O-O b5 6. Bb3 Bc5 7. Nc3 O-O 8. d3 h6 9. a4 b4 10. Nd5 a5 $146 (
10... Na5 11. Ba2 Nxd5 12. Bxd5 c6 13. Ba2 Qf6 14. c3 bxc3 15. bxc3 d6 16. Rb1
Be6 17. Bxe6 Qxe6 18. Bd2 Rab8 19. c4 Nb7 20. Nh4 Kh7 21. Nf5 Ba7 22. Qg4 Qg6
23. Qh4 d5 24. cxd5 cxd5 25. Qe7 {
Romanov,E (2451)-Amin,B (2400) Belfort 2005 1/2-1/2 (78)}) (10... d6 11. c3
bxc3 (11... Rb8 12. a5 Nxd5 13. Bxd5 Ne7 14. Bc4 bxc3 15. bxc3 Bb7 16. Qe2 Qc8
17. h3 Kh7 18. Bd2 f5 19. Ng5+ Kh8 20. Nf7+ Kh7 21. Ng5+ Kh8 22. Ne6 Rf6 23.
exf5 Ba7 24. Be3 Bxe3 25. fxe3 d5 26. Qg4 {
Pukkinen,S (2031)-Kemppainen,T Finland 2004 1/2-1/2 (49)}) 12. bxc3 Ba7 13.
Nxf6+ Qxf6 14. Bd5 Bd7 15. Be3 Bxe3 16. fxe3 Qe7 17. Qe1 Rab8 18. Ra2 Nd8 19.
Nh4 Kh7 20. Nf5 Bxf5 21. exf5 f6 22. Bc4 c6 23. d4 a5 24. Qd2 d5 25. Be2 {
Asrian,K (2576)-Bacrot,E (2561) Lausanne 1999 0-1 (45)}) (10... d6 11. Be3 $14)
11. c3 (11. Be3 d6 $14) 11... d6 (11... bxc3 $142 12. bxc3 Rb8 $11) 12. cxb4 (
12. d4 $142 Ba7 13. Nxf6+ Qxf6 14. Bd5 $11) 12... Nxb4 $17 13. Nxb4 Bxb4 (13...
axb4 $143 14. Be3 Bxe3 15. fxe3 $11) 14. Bd2 (14. Be3 Re8 $15) 14... Bxd2 $17
15. Qxd2 c5 16. Ne1 (16. Bc4 Rb8 $17) 16... Qb6 (16... Ba6 17. Nc2 $17) 17. Qc3
(17. Bc4 $5 $17) 17... Rb8 18. Ra3 Bd7 (18... Ba6 $5 19. Nf3 c4 20. Bxc4 Bxc4
21. Qxc4 $17) 19. Nc2 Rb7 (19... Nh5 20. g3 $17) 20. Rb1 (20. Ne3 Qc7 $15)
20... Rfb8 $17 21. Bc4 Qc7 22. Ne3 Rb4 (22... Be6 23. Bb5 $17) 23. Bb5 (23. b3
$5 $15) 23... Bxb5 24. axb5 R4xb5 (24... R8xb5 $5 25. h3 Nh5 $17) 25. Nc4 $15 {
Increasing the pressure on the isolated pawn on a5} Rb4 26. Nxa5 (26. Rba1 $5
$15) 26... d5 $17 27. f3 $4 (27. Rba1 dxe4 (27... Rxb2 $2 28. Nb3 R2xb3 29.
Rxb3 $16) 28. Nc4 exd3 29. Qxd3 e4 $17) 27... Qd6 (27... c4 $142 28. h3 R8b5
$19) 28. Rb3 $4 (28. Re1 $142 c4 29. exd5 cxd3 30. Nc4 Qxd5 31. Ne3 $17) 28...
Qb6 29. Ra3 Rxb2 (29... c4+ $142 30. Kf1 cxd3 $19) 30. Qxb2 Qxb2 31. Rxb2 Rxb2
32. Nc6 dxe4 33. fxe4 $4 (33. dxe4 $142 Nh5 34. g3 $11) 33... Ng4 $19 34. Ra1 (
34. g3 Rb6 35. Ne7+ Kh7 36. h4 $19) 34... f6 (34... Ne3 $142 35. Nxe5 Rxg2+ 36.
Kh1 Rd2 $19) 35. Rc1 $4 (35. Ne7+ $142 Kh7 36. Nf5 $17) 35... Rd2 36. Na5 (36.
h3 Ne3 37. g4 Kh7 38. Rxc5 Rg2+ 39. Kh1 Rg3 $19) 36... Ne3 37. g3 (37. Nb3
Rxg2+ 38. Kh1 Ra2 39. Nxc5 Ng4 $19) 37... Rxd3 38. Rxc5 Rd4 39. Kf2 (39. Nc6
Rxe4 40. Ne7+ Kh7 $19) 39... Ng4+ 40. Kf3 (40. Ke2 Rxe4+ 41. Kf3 Ra4 $19) 40...
Nxh2+ 41. Kg2 Ng4 42. Kf3 h5 1-0

[Event "Washington Open"]
[Site "?"]
[Date "1995.05.27"]
[Round "2"]
[White "Bailey, B."]
[Black "Pericic, J."]
[Result "1-0"]
[WhiteElo "1875"]
[BlackElo "1709"]
[Annotator "Stockfish 12 (20s)"]
[PlyCount "91"]

{B18: Classical Caro-Kann: 4...Bf5 sidelines} 1. e4 c6 2. d4 d5 3. Nc3 dxe4 4.
Nxe4 Bf5 5. Ng3 Bg6 6. Nf3 Nf6 7. Ne5 e6 8. Bc4 (8. Bf4 Bd6 9. Nxg6 hxg6 10.
Bxd6 Qxd6 11. Qd2 Nbd7 12. O-O-O O-O-O 13. Kb1 Nb6 14. Be2 e5 15. Qa5 exd4 16.
Qxa7 Qc7 17. Qa5 c5 18. Bf3 Nbd5 19. Qa8+ Qb8 20. Qa5 Qc7 21. Qa8+ {
1/2-1/2 (21) Jilemnicka,J-Rajkovic,D (2470) Rimavska Sobota 1992}) (8. h4 Bd6
9. Qe2 Qb6 10. c3 O-O 11. h5 Bf5 12. h6 g6 13. Bg5 Nbd7 14. O-O-O Qc7 15. Nxf5
exf5 16. f3 Rfe8 17. Qf2 Nd5 18. Nd3 Qa5 19. Kb1 f4 20. Bh4 b5 21. g3 b4 22.
cxb4 Bxb4 {Trammell,G (2075)-Berry,J (2151) Oklahoma 2006 1-0}) 8... Nbd7 9.
Nxg6 hxg6 10. c3 Qc7 $146 (10... Nb6 11. Be2 Bd6 12. O-O Nbd5 13. Bf3 Qc7 14.
Bd2 Bf4 15. c4 Bxd2 16. Qxd2 Qf4 17. Qe2 Ne7 18. d5 cxd5 19. cxd5 Nfxd5 20.
Qb5+ Kf8 21. Qxb7 Rb8 22. Qxa7 Nc6 23. Qc5+ Nde7 24. Bxc6 Rc8 25. Rfd1 {
Von Hoesslin,H-Siegl,W (1613) Ellwangen 1999 1/2-1/2 (56)}) 11. Qf3 Bd6 (11...
c5 12. Bf4 Qc6 13. Qxc6 bxc6 14. dxc5 Bxc5 15. Bg5 $11) 12. Ne4 Nxe4 13. Qxe4
Nf6 14. Qf3 Rh5 (14... c5 15. dxc5 Bxc5 16. Bb5+ Kf8 17. h4 $11) 15. g3 (15. h4
Rf5 16. Qe2 Rh5 $14) 15... O-O-O 16. Be3 Nd5 (16... c5 17. Bb3 $11) 17. O-O-O (
17. Bd2 e5 18. O-O-O exd4 19. Qg4+ Rd7 20. Qxd4 b5 $11) 17... Rh3 (17... Rdh8
18. Bxd5 exd5 19. h4 $11) 18. Bf1 Rh5 19. Bg2 (19. Bd2 c5 20. dxc5 Bxc5 $11)
19... Rf5 20. Qe2 Qa5 21. Kb1 (21. Kc2 $14) 21... Nxe3 (21... Nxc3+ $5 22. bxc3
Rb5+ 23. Kc2 Qxa2+ 24. Kd3 Qa6 $11) 22. fxe3 $14 (22. Qxe3 $143 Qa4 23. b3 Qa3
$11) 22... Rb5 (22... Be7 23. Be4 Rf6 24. h4 $11) 23. c4 $16 Rb4 24. c5 (24.
Rhf1 f5 25. e4 Bc7 $16) 24... Be7 $16 25. Rc1 (25. Rd3 Qb5 26. Rhd1 $11) 25...
Bf6 26. Rhd1 Rh8 $4 (26... e5 27. Rc4 Qa4 28. Bh3+ Kb8 29. Rxb4 Qxb4 30. dxe5
Qe4+ 31. Ka1 Qxe5 32. Rxd8+ Bxd8 33. Qg4 $11) 27. h3 $4 (27. Bf1 $142 e5 28.
Rd3 exd4 29. a3 $18) 27... Qc7 $4 (27... e5 $142 28. d5 e4 $11) 28. Qe1 Ra4 (
28... Qa5 29. Rc4 Rb5 30. Qxa5 Rxa5 31. a3 $18) 29. b3 Ra6 (29... Ra5 $18) 30.
Bf1 b5 31. cxb6 (31. a4 $142 $18) 31... Rxb6 32. Rc4 Kd7 33. Qf2 (33. e4 $142
Be7 34. Qc3 $18) 33... a5 $2 (33... Qb7 $5 34. Rdc1 Rc8 $14) 34. e4 $18 Be7 $4
(34... Qb8 $142 35. e5 Be7 $18) 35. d5 (35. Qxf7 $5 Rf8 36. Qxg6 Qb7 $18) 35...
exd5 36. Qxf7 Qxg3 (36... Rf8 37. Qxg6 Qb8 $18) 37. exd5 Rxb3+ (37... c5 38.
Rxc5 Rxb3+ 39. Kc2 Rb6 40. Bb5+ Kd8 $18) 38. axb3 Qxb3+ 39. Kc1 Qa3+ (39...
Qe3+ 40. Kc2 Rf8 41. Qe6+ Qxe6 42. dxe6+ Kxe6 43. Re4+ Kf6 44. Bd3 $18) 40. Kd2
(40. Kc2 Qa2+ 41. Kd3 Qb3+ 42. Kd2 Qb2+ 43. Ke1 Qe5+ 44. Be2 Qg3+ 45. Kd2 Qg5+
46. Rf4 Qe5 47. Bg4+ Kc7 $18) 40... Qb2+ (40... cxd5 41. Rd4 Rh5 42. Bb5+ Kc7
43. Rc1+ Kb7 $18) 41. Ke1 Qe5+ 42. Be2 Re8 (42... Qg3+ 43. Kd2 Qg5+ 44. Rf4 Qe5
45. Bg4+ Kc7 $18) 43. dxc6+ Kc7 44. Rd7+ Kb6 45. Rb7+ Ka6 46. Re4+ (46. Re4+
Qb5 47. Bxb5#) 1-0